00632nam a2200217Ia 4500003000400000005001700004008004100021020001900062040001800081041000800099082001800107100002600125245007600151250001200227260003400239300003000273650001400303651004500317651003100362651002100393OSt20230720150430.0210716s2007 xx 000 0 und d a97803243225380 cAIMIT LIBRARY aeng a339 27bMCEW aMcEachern, William A. aMacroeconomics : bcontemporary introduction /cBy William A McEachern. a7th ed. aNew Delhi :bThomson ,c2007. axxxii,410p. ;bPBc25 cm. aEconomics aThe art and science of economic analysis aDemand and supply analysis aAggregate supply